Countries That Were In The British Empire - Statistics

General Stats
  • This quiz has been taken 63 times
    33 since last reset
  • The average score is 38 of 57
Answer Stats
Hint Answer % Correct
Europe Ireland
95%
Europe Malta
85%
Asia India
80%
Africa Kenya
80%
Asia Pakistan
80%
Europe United Kingdom
80%
Asia Afghanistan
75%
Asia Burma
75%
North America Canada
75%
Europe Cyprus
75%
Africa Egypt
75%
Middle East Iraq
75%
Middle East Israel
75%
Middle East Jordan
75%
Asia Malaysia
75%
Africa South Africa
75%
Africa Sudan
75%
Africa Tanzania
75%
Africa Botswana
70%
Asia Singapore
70%
Africa South sudan
70%
North America St Kitts And Nevis
70%
North America St Lucia
70%
Africa Uganda
70%
North America United States
70%
Africa Zimbabwe
70%
North America Antigua And Barbuda
65%
Asia Bangladesh
65%
North America Barbados
65%
Africa Ghana
65%
Africa Namibia
65%
Asia Nepal
65%
Africa Somalia
65%
Asia Sri lanka
65%
North America St Vincent And The Grenadines
65%
Africa The Gambia
65%
Africa Zambia
65%
North America Bahamas
60%
North America Belize
60%
Asia Bhutan
60%
Asia Brunei
60%
South America Guyana
60%
Africa Nigeria
60%
Middle East Oman
60%
Africa Swaziland
60%
Middle East Yemen
60%
North America Grenada
55%
North America Jamaica
55%
Africa Lesotho
55%
Asia Maldives
55%
Africa Sierra Leone
55%
North America Trinidad And Tobago
55%
North America Dominica
50%
Africa Malawi
50%
Middle East Palestine
50%
Africa Cameroon
45%
Asia Philippines
30%
No matching quizzes found
Score Distribution
Percent of People with Each Score
Percentile by Number Answered
Your Score History
You have not taken this quiz since the last reset